000 00578nam a2200229 a 4500
999 _c12441
_d12441
001 12441
003 BD-JhCC
005 20220803134024.0
008 220216b20062021ii |||| ||a| 000 0 eng d
020 _a9788178982267
035 _a(BD-JhCC)12441
040 _aBD-JhCC
_dBD-JhCC
041 _aenglish,Arabic
082 _a492.782421
_bRAH 2021
100 _aRahman,S.A
245 _aTeach Yourself Arabic /
_cS.A.Rahman.
260 _aIndia:
_bGoodword;
_c2021.
300 _a414 p. :
_c20 cm.
650 _aArabic Language--Grammar
942 _2ddc
_cBK
_04